| 000 | 00825nac a22002651i 4500 | ||
|---|---|---|---|
| 003 | EG-ScBUE | ||
| 005 | 20240910124345.0 | ||
| 008 | 240910t1999 nyua f 000 0 eng d | ||
| 020 | _a0816039135 | ||
| 020 | _a9780816039135 | ||
| 040 |
_aEG-ScBUE _beng _erda _cEG-ScBUE _dEG-ScBUE |
||
| 082 | 0 | 4 |
_a510.3 _bFAT _222 |
| 245 | 0 | 4 |
_aThe facts on file dictionary of mathematics / _cedited by John Daintith and John Clark. |
| 250 | _aThird edition. | ||
| 264 | 1 |
_aNew York : _bFacts on File, _c[1999] |
|
| 264 | 4 | _cc1999 | |
| 300 |
_a241 pages : _billustrations ; _c24 cm. |
||
| 336 |
_2rdacontent _atext _btxt |
||
| 337 |
_aunmediated _2rdamedia _bn |
||
| 338 |
_avolume _bnc _2rdacarrier |
||
| 490 | 0 | _aFacts on File science library | |
| 650 | 7 |
_aMathematics _vDictionaries. _2BUEsh |
|
| 655 | _vReading book | ||
| 942 |
_cNB _2ddc |
||
| 999 |
_c9469 _d9469 |
||